Biggest Cities in Ukraine A-Z - Statistics

General Stats
  • This quiz has been taken 56 times
  • The average score is 13 of 21
Answer Stats
Letter Population City % Correct
K 2,962,180 Kyiv
100%
L 721,510 Lviv
98%
O 1,015,826 Odesa
96%
D 980,948 Dnipro
91%
Z 722,713 Zaporizhzhia
78%
S 464,349 Sevastopol
76%
M 476,101 Mykolaiv
73%
R 245,289 Rivne
62%
P 283,402 Poltava
60%
V 370,601 Vinnytsia
60%
C 285,234 Chernihiv
58%
I 237,855 Ivano-Frankivsk
56%
T 223,938 Ternopil
56%
U 115,542 Uzhhorod
56%
B 208,737 Bila Tserkva
44%
H 241,106 Horlivka
44%
A 106,550 Alchevsk
40%
N 107,464 Nikopol
40%
Y 108,149 Yevpatoria
38%
F 67,750 Feodosia
36%
E 52,887 Enerhodar
33%
No matching quizzes found
Score Distribution
Percent of People with Each Score
Percentile by Number Answered
Your Score History
You have not taken this quiz